Indian Fusion Cooking (Record no. 3637)

MARC details
000 -LEADER
fixed length control field 00225nam a22000857a 4500
008 - FIXED-LENGTH DATA ELEMENTS--GENERAL INFORMATION
fixed length control field 161028b xxu||||| |||| 00| 0 eng d
020 ## - INTERNATIONAL STANDARD BOOK NUMBER
International Standard Book Number 9788188322893
100 ## - MAIN ENTRY--PERSONAL NAME
9 (RLIN) 978
Personal name Sahgal.S.
245 ## - TITLE STATEMENT
Title Indian Fusion Cooking
260 ## - PUBLICATION, DISTRIBUTION, ETC. (IMPRINT)
Place of publication, distribution, etc. New Delhi
Name of publisher, distributor, etc. OB. Publications
Date of publication, distribution, etc. 2006
Holdings
Withdrawn status Lost status Source of classification or shelving scheme Damaged status Koha normalized classification for sorting Not for loan Home library Current library Shelving location Date acquired Total Checkouts Total Renewals Full call number Barcode Date last seen Date last checked out Price effective from Koha item type
    Dewey Decimal Classification   SAH_648_000000000000000_C7   Good Samaritan School Library Good Samaritan School Library Home Science 10/28/2016 1 1 SAH648 C-7 SAH7522 10/31/2016 10/31/2016 10/28/2016 Reference

Powered by Koha